000 00559nam a22001697a 4500
003 OSt
005 20260302104123.0
008 260302b |||||||| |||| 00| 0 eng d
040 _cMRSPTU
041 _aEnglish
100 _aHarjot Singh Gill, Supervisor: Dr. Rajesh Kumar
245 _aEffect of Steel Fibers on Strength Characteristics of Recycled Aggregate Concrete
260 _bDepartment of Civil Engg. MRSPTU, Bathinda
_c2015
650 _aCivil Engineering
856 _uhttp://163.47.215.52:8080/jspui/handle/123456789/1137
942 _2ddc
_cTH
_n0
999 _c11031
_d11031